Fundamentals of behavioral statistics
Uloženo v:
| Hlavní autoři: | , |
|---|---|
| Médium: | Kniha |
| Jazyk: | angličtina |
| Vydáno: |
Reading
Addison-Wesley
1967
|
| Témata: | |
| Tagy: |
Přidat tag
Žádné tagy, Buďte první, kdo vytvoří štítek k tomuto záznamu!
|
MARC
| LEADER | 00000nam a2200000 a 4500 | ||
|---|---|---|---|
| 001 | UCQ8929 | ||
| 003 | CL-VaPUC | ||
| 008 | 981217e19670000US |||||||||||||||||eng|d | ||
| 082 | 0 | 4 | |a 300.21 |b RUN |2 21 |
| 100 | 0 | |a Runyon, Richard Porter |e author |9 423253 | |
| 700 | |a Haber, Audrey |e author |9 424373 | ||
| 245 | 1 | 0 | |a Fundamentals of behavioral statistics |
| 300 | |a 304 p | ||
| 942 | |c BK | ||
| 945 | |d 19981217 00:00:00 |a crobeson | ||
| 260 | |a Reading |b Addison-Wesley |c 1967 | ||
| 650 | 0 | |a Estadística aplicada |9 270522 | |
| 650 | 7 | |a ESTADISTICAS DESCRIPTIVAS |2 CL-VaPUC |9 335950 | |
| 650 | 7 | |a PRESENTACION ESTADISTICA |2 CL-VaPUC |9 338209 | |
| 650 | 0 | |a Datos estadísticos |9 329380 | |
| 650 | 0 | |a Ciencias sociales |9 256351 | |
| 583 | |a last modification |c 19981217 00:00:00 |k Rodrigo Vera | ||
| 999 | |c 278094 |d 278092 | ||
| 952 | |0 0 |1 0 |4 0 |6 300_210000000000000_RUN_1967 |7 0 |8 A |9 316443 |a BIBGIM |b BIBGIM |d 2019-11-20 |i 1310151 |o 300.21 RUN 1967 |p 1310151 |r 2025-01-15 |w 2019-11-20 |y BK |k EST | ||